000 00503nam a2200205 a 4500
999 _c4843
_d4843
001 4843
003 BD-JhCC
005 20171204164049.0
008 171204s19581964u |||| || | 000 0 eng d
035 _a(BD-JhCC)4843
040 _aBD-JhCC
_dBD-JhCC
041 _aeng
082 _a873.04
_bPRA 1964
245 _aThe Praise of Folly /
_cJohn Wilson
260 _aUSA
_bThe University of Michigan Press,
_c1964
300 _a150 p. :
_c20 cm.
650 _aFolly
942 _2ddc
_cBK